<?xml version="1.0" encoding="UTF-8"?>
<record
    xmlns:xsi="http://www.w3.org/2001/XMLSchema-instance"
    xsi:schemaLocation="http://www.loc.gov/MARC21/slim http://www.loc.gov/standards/marcxml/schema/MARC21slim.xsd"
    xmlns="http://www.loc.gov/MARC21/slim">

  <leader>01766nam a22002777a 4500</leader>
  <controlfield tag="008">170624s2016        ph||||| |||| 00| 0 eng d</controlfield>
  <datafield tag="082" ind1="0" ind2="4">
    <subfield code="a">708</subfield>
    <subfield code="b">S683s</subfield>
  </datafield>
  <datafield tag="110" ind1="1" ind2=" ">
    <subfield code="a">Museum of Contemporary Art and Design (MCAD).</subfield>
    <subfield code="9">5682</subfield>
  </datafield>
  <datafield tag="245" ind1="1" ind2="0">
    <subfield code="a">Soil and stones souls and songs /</subfield>
    <subfield code="c">curadur&#xED;a por Cosmin Costinas e Inti Guerrero ; Museum of Contemporary Art and Design (MCAD).</subfield>
  </datafield>
  <datafield tag="250" ind1=" " ind2=" ">
    <subfield code="a">1a ed.</subfield>
  </datafield>
  <datafield tag="260" ind1=" " ind2=" ">
    <subfield code="a">Filipinas :</subfield>
    <subfield code="b">Museum of Contemporary Art and Design (MCAD),</subfield>
    <subfield code="c">2016.</subfield>
  </datafield>
  <datafield tag="300" ind1=" " ind2=" ">
    <subfield code="a">10 p&#xE1;ginas :</subfield>
    <subfield code="b">ilustraciones en color.</subfield>
  </datafield>
  <datafield tag="500" ind1=" " ind2=" ">
    <subfield code="a">Cat&#xE1;logo publicado con motivo a la exposici&#xF3;n "Soil and stones souls and songs", presentada en el Museum of Contemporary Art and Design (MCAD), del 6 de setiembre al 4 de diciembre de 2016. Obras de los artistas: Pio Abad, Mariana Castillo Deball, Troung Cong Tung, Kawayan de Guia, Jimmie Durham, Sulaiman Esa, Josh Faught, Edgar Talusan Fernandez, Meschac Gaba, Simryn Gill, Sheela Gowda, Ion Grigorescu, Taloi Havini, He Xiangyu, Ho Siu-Kee, James T. Hong, Peter Kennedy, John Hughes, Jane Jin Kiasen, Kyungman Kim, Soyoung Kim, Kim Jeong, Ocean Leung, Li Binyuan, Li Ran, Jos&#xE8; Maceda, Prabhakar Pachpute, Redza Piyasada, Pratchaya Phinthong, Jae Oon Rho, Shitamichi Motoyuki, Chulayarnnon Siriphol, Walter Smetak, Valerie Snobeck, So Wai-Lam, Trevor Yeung, Tuguldur Yondonjamts, Dominique Zinkp&#xE9;.</subfield>
  </datafield>
  <datafield tag="653" ind1="1" ind2="0">
    <subfield code="a">Arte contempor&#xE1;neo </subfield>
  </datafield>
  <datafield tag="653" ind1="1" ind2="0">
    <subfield code="a">Cat&#xE1;logo de exhibici&#xF3;n</subfield>
  </datafield>
  <datafield tag="653" ind1="1" ind2="0">
    <subfield code="a">Exhibici&#xF3;n colectiva</subfield>
  </datafield>
  <datafield tag="653" ind1="1" ind2="0">
    <subfield code="a">Arte internacional</subfield>
  </datafield>
  <datafield tag="653" ind1="1" ind2="0">
    <subfield code="a">Instalaci&#xF3;n</subfield>
  </datafield>
  <datafield tag="653" ind1="1" ind2="0">
    <subfield code="a">Pintura</subfield>
  </datafield>
  <datafield tag="653" ind1="1" ind2="0">
    <subfield code="a">Nuevos medios</subfield>
  </datafield>
  <datafield tag="653" ind1="1" ind2="0">
    <subfield code="a">Arte - Asia</subfield>
  </datafield>
  <datafield tag="653" ind1="1" ind2="0">
    <subfield code="a">Producci&#xF3;n cultural</subfield>
  </datafield>
  <datafield tag="653" ind1="1" ind2="0">
    <subfield code="a">Exhibici&#xF3;n itinerante</subfield>
  </datafield>
  <datafield tag="700" ind1="1" ind2=" ">
    <subfield code="a">Costinas, Comin.</subfield>
    <subfield code="e">curador.</subfield>
    <subfield code="9">5837</subfield>
  </datafield>
  <datafield tag="700" ind1="1" ind2=" ">
    <subfield code="a">Guerrero, Inti.</subfield>
    <subfield code="e">curador.</subfield>
    <subfield code="9">5838</subfield>
  </datafield>
  <datafield tag="999" ind1=" " ind2=" ">
    <subfield code="c">1208</subfield>
    <subfield code="d">1208</subfield>
  </datafield>
  <datafield tag="952" ind1=" " ind2=" ">
    <subfield code="0">0</subfield>
    <subfield code="1">0</subfield>
    <subfield code="2">ddc</subfield>
    <subfield code="4">0</subfield>
    <subfield code="7">0</subfield>
    <subfield code="a">LV</subfield>
    <subfield code="b">LV</subfield>
    <subfield code="c">Colectivas</subfield>
    <subfield code="d">2017-06-24</subfield>
    <subfield code="l">0</subfield>
    <subfield code="o">708 S683s</subfield>
    <subfield code="p">004359</subfield>
    <subfield code="r">2017-06-24 00:00:00</subfield>
    <subfield code="w">2017-06-24</subfield>
    <subfield code="y">01</subfield>
  </datafield>
</record>
